Memorias del taller regional del grupo técnico proceso de construcción del plan de acción SINAP (Registro nro. 6310)

Detalles MARC
000 -CABECERA
Campo de control 02088nam a2200241 a 4500
005 - FECHA Y HORA DE LA ULTIMA TRANSACCION
Campo de control 20141215145150.0
008 - ELEMENTOS DE LONGITUD FIJA—INFORMACION GENERAL
Campo de control 140128b2007 ck ||||| |||| 00| 0 spa d
040 ## - FUENTE DE CATALOGACIÓN
Agencia transcriptora CO-BoIH
041 ## - IDIOMA
Código de idioma para texto/pista de sonido o título separado Español
044 ## - PAÍS DE PUBLICACIÓN
País de publicación Colombia
090 ## - CLASIFICACIÓN LOCAL
Colección IAVH
Consecutivo 00793
111 ## - ASIENTO PRINCIPAL--NOMBRE DE REUNION
Nombre de reunión o de jurisdicción como elemento de entrada Taller Regional del Grupo Técnico Proceso de Construcción del Plan de Acción SINAP
Lugar de la reunión Pereira
Fecha de la reunión septiembre 7-9, 2007
245 ## - MENCION DE TITULO
Título Memorias del taller regional del grupo técnico proceso de construcción del plan de acción SINAP
260 ## - PUBLICACION, DISTRIBUCION, ETC. (PIE DE IMPRENTA)
Lugar de publicación, distribución, etc. Pereira
Nombre del editor, distribuidor, etc. CARDER
-- Instituto Alexander von Humboldt
Fecha de publicación, distribución, etc. 2007
300 ## - DESCRIPCION FISICA
Extensión 56 p.
505 ## - NOTA DE CONTENIDO
Nota de contenido Contenido CD: Presentaciones: Antecedentes y avances del SIRAP eje cafetero en temas relacionados con referentes ambientales para áreas protegidas y otros suelos de protección -- Elementos a enfatizar en los procesos de actualización de los determinantes ambientales para la elaboración y revisión de los planes de ordenamiento territorial -- Competencias de las autoridades ambientales en el ordenamiento territorial -- Determinantes ambientales y áreas protegidas / César Augusto Rey -- Referentes ambientales CARDER -- Suelos de protección en el ordenamiento ambiental de los municipios del Valle del Cauca CVC 2007 -- Áreas protegidas y otros suelos de protección en el Departamento de Caldas CORPOCALDAS -- Asuntos exclusivamente ambientales a concertar con la autoridad ambiental -- Copia del documento impreso
520 ## - NOTA DE RESUMEN, ETC.
Nota de resumen El CD contiene varios documentos entre los cuales se destacan los antecedentes sobre los referentes ambientales en el SIRAP EC; ajustes a la ley 338 de Ordenamiento territorial e implicaciones en los POT, EOT y PBOT; Determinantes ambientales en Risaralda: suelos de protección; suelos de protección en el ordenamiento ambiental de los municipios del Valle del Cauca, Áreas protegidas y otros suelos de protección en el departamento de Caldas
650 ## - ASIENTO SECUNDARIO DE MATERIA - TERMINO TEMATICO
Término temático o nombre geográfico como elemento de entrada Plan de acción
650 ## - ASIENTO SECUNDARIO DE MATERIA - TERMINO TEMATICO
Término temático o nombre geográfico como elemento de entrada SIRAP-EC
662 ## - ASIENTO SECUNDARIO DE MATERIA - JERARQUIA DEL NOMBRE DE LUGAR(
País o entidad mayor Colombia
Jurisdicción política intermedia Santuario de Flora y Fauna Otún Quimbaya
Jurisdicción política de primer orden Risaralda
942 ## - ELEMENTOS ADICIONALES (KOHA)
Tipo de ítem Informe Técnico
Sistema de clasificación Local
945 ## - PROCESAMIENTO LOCAL
AAAA-MM-DD - Fecha de ingreso o modificacion 2008-06-18
Existencias
Withdrawn status Lost status Sistema de Clasificación Damaged status No para préstamo Colección Inventariado Ubicación Permanente Ubicación actual Fecha de adquisición Fuente de Valor Total Checkouts Número topográfico Inventario / Código de Barras Date last seen Ejemplar Price effective from Forma de adquisición Tipo de material Public note
    Local     Humboldt Inventariado 2017 Bogotá Bogotá 18/06/2008 Proyecto Andes   IAVH-00793 026067 09/08/2024 Ej. 1 04/12/2012   Informe Técnico  
    Local     Humboldt   Bogotá Bogotá 18/06/2008 Proyecto Andes   IAVH-00793 026066 04/12/2012 Ej. 2 04/12/2012   CD-ROM Taller Regional del Grupo Técnico Proceso de Construcción del Plan de Acción SINAP